000 00710nam a22002297a 4500
001 00028451
005 20260304114058.0
008 260304b ag ||||| |||| 00| 0 spa d
020 _a9789876292412
040 _aAR-CcCEOS
_bspa
_cAR-CcCEOS
041 _aspa
080 _a641.5
090 _bEDE
100 1 _aEdelsztein, Valeria
_9754
245 _aCientíficas :
_bcocinan, limpian y ganan el premio nobel (y nadie se entera) /
_cValeria Edelsztein
250 _a1ª ed.
260 _aBuenos Aires :
_bSiglo Veintiuno,
_c2013.
300 _a224 p. ;
_c24x15 cm.
490 _vColección Ciencia que ladra... / dirigida por Diego Golombek
655 0 _ahistoria
_vciencia
_958
942 _2udc
_cBK
_n0
999 _c28477
_d28477